|
|
|
|
| LEADER |
01091nam a2200265 a 4500 |
| 001 |
1212058 |
| 008 |
090615s1999 ii a b 001 0 eng d |
| 010 |
|
|
|a \\\99011085
|
| 020 |
|
|
|a 8170368006 (India)
|
| 020 |
|
|
|a 0761993355 (US)
|
| 040 |
|
|
|a DLC
|c DLC
|d DLC
|
| 082 |
0 |
0 |
|a 658.1/6
|2 21
|
| 100 |
2 |
|
|a Shiva Ramu, S.
|
| 245 |
1 |
0 |
|a Restructuring and break-ups :
|b corporate growth through divestitures, spin-offs, split-ups and swaps /
|c S. Shiva Ramu.
|
| 260 |
|
|
|a New Delhi ;
|a Thousand Oaks, Calif. :
|b Sage Publications,
|c 1999.
|
| 300 |
|
|
|a 249 p. :
|b ill. ;
|c 23 cm.
|
| 504 |
|
|
|a Includes bibliographical references (p. [233]-240) and index.
|
| 541 |
1 |
|
|e 00012019
|
| 650 |
|
0 |
|a Corporate reorganizations.
|
| 650 |
|
0 |
|a Corporations
|x Growth.
|
| 650 |
|
0 |
|a Diversification in industry.
|
| 650 |
|
0 |
|a Industrial organization.
|
| 852 |
4 |
|
|a Ayesha Abed Library
|j General shelf
|
| 999 |
|
|
|c 1330
|d 1330
|
| 952 |
|
|
|0 0
|1 0
|2 ddc
|4 0
|6 658_160000000000000_SHI
|7 0
|9 1212
|a BRACUL
|b BRACUL
|c GEN
|d 2009-06-25
|g 0.00
|l 0
|o 658.16 SHI
|p 3010012019
|r 2009-06-25
|t 1
|w 2009-06-25
|y BK
|x No price found in the accession register.
|